Sports Quiz

Random Sports or College Quiz

NBA players of the late '70s - colleges Quiz Stats

Quiz not verified by Sporcle

Challenge
Share
Tweet
Embed
Score 0/60 Timer 20:00
0 Plays Today
% Correct
Tennessee
70.5%
Maryland
65.6%
Louisville
52.5%
Detroit
49.2%
Southern Illinois
47.5%
Providence
44.3%
UNLV
36.1%
Minnesota
36.1%
Duke
31.1%
Oregon
29.5%
Hawaii
29.5%
Buffalo State
29.5%
North Carolina
29.5%
Old Dominion
27.9%
Bowling Green
26.2%
Santa Clara
26.2%
Guilford
26.2%
Columbia
26.2%
Iowa
24.6%
Marquette
24.6%
Missouri
23%
DePaul
23%
South Carolina
23%
Kentucky State
23%
Princeton
21.3%
Auburn
21.3%
Morgan State
19.7%
Rutgers
18%
Oklahoma
16.4%
Grand Canyon
16.4%
% Correct
New Mexico State
16.4%
Kentucky
16.4%
UC Santa Barbara
16.4%
Texas A&M
14.8%
St. Mary's
14.8%
Illinois
14.8%
Iowa State
13.1%
Aurora
13.1%
Long Beach State
13.1%
Virginia
13.1%
San Jose State
11.5%
University of San Francisco
11.5%
University of New Orleans
9.8%
Arizona State
9.8%
Dillard
9.8%
Idaho State
9.8%
Washington
9.8%
Saint Francis
8.2%
Southern Illinois
8.2%
Arizona
8.2%
Virginia Polytechnic Institute & State University
6.6%
Purdue
6.6%
Xavier
6.6%
Hardin-Simmons
6.6%
Elizabeth City State
4.9%
Saint Joseph's
4.9%
Oklahoma City
4.9%
Houston Baptist
4.9%
State University of West Georgia
1.6%
Colorado State
0%

You're not logged in!

Compare scores with friends on all Sporcle quizzes.
Join for Free
OR
Log In

You Might Also Like...

Show Comments

Extras

Top Quizzes Today


Score Distribution

Your Account Isn't Verified!

In order to create a playlist on Sporcle, you need to verify the email address you used during registration. Go to your Sporcle Settings to finish the process.

Report this User

Report this user for behavior that violates our Community Guidelines.

Details: